Trápenie kamzíkov na pokračovanie

Bibliographic Details
Main Author: Michnica, Jozef (Author, Photographer)
Format: Article
Language:Slovak
PhysicalDescription:Fotogr.
Subjects:

MARC

LEADER 00000nab a2200000 ar4500
001 vtls008953933
003 SK-MaSNL
005 20260303070304.0
008 070309c2007 xo wr|p|||||||000 b|slo
038 |a PPPK 
040 |a PPPKCL  |b slo  |c PPPK  |e AACR2 
041 0 |a slo 
044 |a xo  |c SK 
080 |a 796.966.093.1  |2 1997 
100 1 |a Michnica, Jozef  |4 aut  |9 6897 
245 1 0 |a Trápenie kamzíkov na pokračovanie  |c Jozef Michnica ; foto Jozef Michnica 
300 |b Fotogr. 
500 |a O priebehu a výsledkoch zápasu referuje tréner Popradu František Hossa 
610 2 7 |a HK AquaCity ŠKP Poprad   |2 pppkcl  |9 1043350 
648 7 |a 2006  |2 pppkcl  |9 313148 
650 0 7 |a ľadový hokej  |2 pppkcl  |9 3231 
650 0 7 |a extraliga  |2 pppkcl  |9 18992 
650 0 7 |a 32. kolo  |2 pppkcl  |9 1028625 
650 0 7 |a výsledky  |2 pppkcl  |9 493505 
651 7 |a Poprad (Slovensko)  |2 pppkcl  |9 20155 
700 1 |a Michnica, Jozef  |4 pht  |9 6897 
773 0 |t Poprad : noviny občanov mesta  |g Roč. XVII, č. 92 (2006), s. 4 
852 |a PPPK  |b KIS3GCP 
999 |c 1754711  |d 1756641